header

The science of right (Record no. 2959)

MARC details
000 -LEADER
fixed length control field 01247nam a2200301Ia 4500
100 1# - MAIN ENTRY--AUTHOR NAME
Personal name Kant, Immanuel,
245 14 - TITLE STATEMENT
Title The science of right
260 ## - PUBLICATION, DISTRIBUTION, ETC. (IMPRINT)
Place of publication [South Bend, IN] :
Name of publisher Infomotions, Inc. ;
Place of publication [Blacksburg, VA] :
Name of publisher Virginia Tech.,
Year of publication 2001.
300 ## - PHYSICAL DESCRIPTION
Number of Pages 89 p.
650 #0 - SUBJECT ADDED ENTRY--TOPICAL TERM
Topical Term Science
Topical Term Philosophers
700 1# - ADDED ENTRY--PERSONAL NAME
Personal name Hastie, W.
856 40 - ELECTRONIC LOCATION AND ACCESS
Uniform Resource Identifier http://site.ebrary.com/lib/rucke/Doc?id=5000738

No items available.

© 2026 Rongo University
Contact us: librarian | system librarian | Rongo university